Films/film stars: chain quiz & 1-word clues and answers - Statistics

General Stats
  • This quiz has been taken 23 times
  • The average score is 7 of 20
Answer Stats
Hint Answer % Correct
Mozart Amadeus
68%
Wolverine X-Men
64%
Fiddler Roof
59%
Redemption Shawshank
59%
Marilyn Norma
55%
Bates Norman
50%
Robbins Tim
50%
Translation Lost
45%
Edward Scissorhands
45%
Louise Thelma
45%
Jedi Yoda
45%
Tautou Audrey
32%
Eden East
23%
Kestral Kes
23%
Carrie Spacek
23%
Nielsen Airplane
14%
Beckham Keira
14%
Butler Arthur
5%
Transformers Fox
5%
Adele Skyfall
5%
No matching quizzes found
Score Distribution
Percent of People with Each Score
Percentile by Number Answered
Your Score History
You have not taken this quiz